[Event "WA Class Championship (Masters)"]
[Site "Redmond, WA"]
[Date "2022.11.27"]
[Round "6"]
[White "Zhou, David"]
[Black "Pupols, Viktors"]
[Result "1-0"]
[WhiteElo "2112"]
[BlackElo "2200"]
[Annotator "David Zhou"]
[PlyCount "141"]
[EventDate "2022.11.26"]
[EventType "swiss"]
[EventRounds "6"]
[EventCountry "USA"]

{Going into the final round, I trailed the tournament leader by a full point
and two other players by half a point each. In order to have any chance at
placing, this was a must-win game. My opponent was a well-known local master
with a history of strong results. He has decades of games in the database, so
it was difficult to prepare in the few minutes before the round started. His
Wikipedia page cited a classical win against Bobby Fischer in the 1955 US
Junior Championship. Having recently visited Fischer's grave in Iceland, I was
determined to avenge my chess hero.} 1. d4 e6 2. c4 Nf6 3. g3 d5 4. Nf3 dxc4 5.
Bg2 Nc6 6. Qa4 Bb4+ 7. Bd2 Bxd2+ {Maintaining the tension with ...Nd5 makes
more sense. After this bishop exchange, I will easily regain the pawn and
retain a space advantage.} 8. Nbxd2 O-O 9. Qxc4 {Black has a space
disadvantage and will find it hard to develop his light-square bishop
naturally. If he could break with ...e5 without allowing d5, he could solve
both problems. It seems however that White has the resources to prevent this
break.} Qe7 (9... Qd5 10. Qc3 {and ...e5 is no closer to happening while the
queen is now exposed after a subsequent 0-0}) 10. e4 e5 {A surprising move.
Black is accepting a long-term weakness on c7 and losing time with the knight
while already behind in development.} (10... Qb4 11. Qc3 Qxc3 12. bxc3 {
would allow White to bolster his center, but with the queens off, the space
advantage is less dangerous for Black.}) 11. d5 Nb8 (11... Na5 12. Qc3 b6 {
only helps White clamp down on c6 harder.}) 12. O-O Ne8 13. Rac1 $6 (13. b4 $1
{This move would save a full tempo over the game and prevent Black's natural
development.} Nd6 {is conveniently met by} 14. Qc3 Re8 15. Rfc1 {using the f1
rook since the play is on the queenside} Na6 16. a4 {Black's position is
already on the verge of collapse.}) 13... Na6 {Now White will have to spend a
tempo on a3 to execute the same plan, allowing Black to gain some coordination.
} 14. a3 Nd6 15. Qc3 Re8 16. b4 Bd7 {Black has stopped b5 for now, but his
pieces are still awkward and the c7-pawn requires constant attention.} 17. Qb3
$5 {with the direct idea of forcing a4 and b5.} (17. Nc4 {This also looked
good as the d6-knight is Black's only good piece. If Black does not exchange
on c4, Na5 will increase the queenside pressure. However, I didn't see any
necessity to enter the complications after ...Bb5 when I already had a stable
advantage.} Bb5 $2 {forcing complications is easily refuted by} (17... Nxe4 18.
Qxe5 {leaves Black with many queenside weaknesses and poor pieces.}) 18. Nfxe5
f6 19. Nxd6 Bxf1 20. Nxe8 Bxg2 21. Kxg2 {White will save one knight with a
clearly winning position.} fxe5 22. Nxc7 Rc8 23. d6 $1) 17... c6 {Black's
position is very uncomfortable and my opponent spent over 40 minutes on this
move.} (17... Bb5 {Hoping to clamp down on the light squares only provides
temporary relief. White will be able to regroup after} 18. Rfe1 Qd7 {
preventing a4} 19. Nb1 $5 Ba4 20. Qb2 f6 21. Nc3 Rac8 22. Bf1 {intending b5;
Black is already lost.}) 18. Rfe1 Nc7 19. a4 a6 (19... a5 20. b5 {utilizes the
pin against the c7-knight.}) 20. Qe3 $2 {Surprisingly, this is the move that
throws the advantage away. Black will be able to bring a rook to c8, move the
c7-knight and take on d5, challenging the only open file.} (20. Rc5 $1 {
is difficult for Black to meet. The simple threat is to take on c6 and e5.} Qf6
21. Qc2 {This dual-purpose move exerts further pressure on the c-file while
also protecting e4. The d2-knight will find a nice home on e3 via f1, which
will also further discourage Black from taking on d5.} Rac8 22. Nf1 Na8 23. Ne3
) 20... Rec8 21. Qb6 Nce8 {Black has found a solid regrouping that has solved
nearly all of his problems. I'll no longer be able to claim any edge after
Black exchanges on d5, so I should already think of playing safely with a5 or
dxc6.} 22. Nb3 $6 {This move overlooks the hanging pawn on a4 as well as
Black's counterplay based on pushing his e-pawn (following an exchange in the
center).} cxd5 {only realized here a4 is loose} 23. exd5 $2 {I should have
spent more time on this move once I realized a4 was also threatened. It was
time to admit I no longer had any edge and enter damage control mode.} (23.
Rxc8 $1 Rxc8 24. exd5 e4 25. Nc5 $1 {would keep me in the game.}) 23... Rxc1 $1
24. Nxc1 f6 $2 (24... e4 $1 {is very hard to meet. One of the main issues is
that the pawn can never be captured due to the rook on e1 being undefended and
the threat of ...f5 winning a pinned piece.} 25. Nd2 Bxa4 {Black has a clean
pawn and his pieces are coming to life. The formerly awkward knights hold the
all the queenside weaknesses down while it is now White's knights that are
passive.}) 25. a5 Qd8 26. Qe3 {I was still hoping to play for an advantage
here.} Qc7 27. Nd2 $6 (27. Nb3 $1 {aiming to plant the knight on c5 was
correct, but I feared a queen invasion.} Qc4 28. Nc5 Bb5 29. Qd2 {covers both
hanging pawns.}) 27... Rc8 28. Bf1 $2 (28. Ncb3 Qc3 29. Nc5 {again would give
White all the advantages of the previous variation.}) 28... Qc3 29. Qxc3 $8 {
All other moves immediately lose.} (29. Nd3 $2 {is what I intended from afar,
but this loses simply to} Nf5 30. Qe2 Nd4 31. Qe3 Qxd2 $1) 29... Rxc3 30. Ncb3
$1 {Better late than never. Black has a slight edge in this endgame where he
controls the only open file and the b4-pawn may eventually be a weakness. For
now, the b3-knight shields the pawn from any Rc2-b2 ideas.} Kf7 31. Re3 $2 {
The position is already becoming tricky to play and this move only allows
Black to invade further into White's camp.} Rxe3 $2 {This exchange surprised
me and was also a relief. Perhaps Black was happy to enter an equal minor
piece endgame after defending for most of the game, but I was already on the
back foot.} (31... Rc2 $1 32. Bd3 Rb2 {Black has conceded the c-file, but
White has no use for it. The difference in activity between the two rooks is
stark.}) 32. fxe3 f5 33. Nc5 Bc8 34. e4 {With this move, I stop ...e4 and gain
the e4 square if Black exchanges.} g6 35. Bh3 Kf6 36. Kf2 Nb5 $4 {This
immediately loses as my knight can suddenly infiltrate c4!} (36... Kg5 37. Nf3+
Kf6 38. Ke3 f4+ $2 39. gxf4 exf4+ 40. Kxf4 Bxh3 41. e5+ Ke7 42. exd6+ Nxd6 43.
Ng5) 37. Nc4 $1 Ned6 38. Nb6 $1 Nc3 39. Nxc8 $2 {Played with only a few
minutes to make the time control, this move lets the win slip.} (39. Ke1 $3 {
This move, sidestepping the check, is the only clearly winning one. Black has
no way to improve his position, and we will take c8 and b7 next without
fearing the knight capturing e4 with tempo.}) 39... Nxc8 40. Nxb7 Na7 $4 {
Inexplicable blunders often happen on the last moves before reaching time
control and this is no exception.} (40... Nxe4+ {This move is obvious and
strong, after which Black should draw.} 41. Ke3 Ne7 42. Kd3 Nxd5 43. Kc4 Ne3+
44. Kd3 Nd5 $11) 41. d6 $4 {Despite having gained the 30 extra minutes, I
return the favor, again swinging the evaluation to equal.} (41. exf5 $2 Nxd5 $1
(41... gxf5 $2 42. d6 Ke6 43. g4 $1) 42. Nc5 $1 (42. fxg6 $2 Kxg6 {and Black
hangs on.}) 42... Nxb4 43. Nd7+ Ke7 44. Nxe5 $18 {White is doing very well,
but the win still needs to be proven in this position.}) 41... Nxe4+ 42. Ke3
Ke6 43. Nc5+ $5 Kxd6 $4 {Thankfully in this line, I had correctly calculated
out the win.} (43... Nxc5 $1 44. bxc5 Nc6 45. Bf1 Kd5 46. Bxa6 Kxc5 47. d7 Kd6
$1 $11 {Only this move, which I had missed when I played d6, draws.} (47... Kb4
$4 {is the only move I had considered for Black, and this loses immediately to}
48. Bb7)) 44. Nxe4+ fxe4 45. Bf1 $1 {White will win the a6-pawn for the
b4-pawn. The subsequent ending would be drawn if Black's pawns weren't
shattered (e.g. if the e4 pawn were on f5), but as it is, White has a simple
won ending.} Nc6 46. Bxa6 Nxb4 47. Bb7 Nc2+ 48. Kxe4 Nd4 49. a6 Nb5 {The
knight's tour has stopped the pawn and kept the game going, but the result is
a foregone conclusion. At this point, the game next to ours on board 4 had
completed and Viktors and I were the last ones in the playing hall. Having
been so engrossed in the complications leading up to the time control, I
hadn't seen the results of the round 5 tournament leaders. I wouldn't find out
until after my game whether I was playing with any chance of finishing tied
first.} 50. h3 {The first step to converting is to gain access to the kingside
with the king. To do this, I will need to provoke the h7 and g6 pawns to
advance, but Bd5?? would lose to ...Nc3+.} Na7 51. Bd5 h6 52. Bf7 g5 53. Kf5
Nc6 54. Kg6 Ke7 55. Bd5 Na7 56. Kxh6 Kf6 $5 {Victors finds a tricky idea,
trying to lock my king on the edge of the board.} 57. Be4 Nc8 58. Kh7 {I
intend simply to take the long way around!} Kf7 59. Bd5+ Kf6 60. g4 Na7 61. Kg8
e4 {Hoping for activity with the king.} 62. Bxe4 Ke5 63. Bf5 Kf4 64. Kg7 Kg3
65. Kg6 Kh4 $5 {Again playing the trickiest idea in a lost position. I could
give up the pawn on h3 and still have a completely winning position, but
keeping the pawn seemed most convincing to me.} 66. Bd3 Nc6 67. Bf1 Na7 68. Kf6
Nc8 69. Ke6 Kg3 70. Kd7 Na7 71. Kc7 {As it turned out, the stars aligned on
the first two boards where I needed the tournament leader to lose and the two
players trailing by half a point to draw. With this win, I finished in a
four-way tie for first in the WA Class Championship.} 1-0

[Event "WA Class Championship (Class X)"]
[Site "Redmond, WA"]
[Date "2022.11.26"]
[Round "1"]
[White "Lazarte, Paul"]
[Black "Wei, James"]
[Result "0-1"]
[WhiteElo "1873"]
[BlackElo "1858"]
[Annotator "James Wei"]
[PlyCount "104"]
[EventDate "2022.11.26"]
[EventType "swiss"]
[EventRounds "6"]
[EventCountry "USA"]

{[BlackCountry "US"] [BlackTitle ""] [TimeControl "G/60+10"]} 1. e4 c5 2. Nf3
g6 3. c3 d5 4. exd5 Qxd5 5. d4 Bg7 6. Be2 Nf6 7. O-O O-O (7... cxd4 8. Nxd4 O-O
{equalizes.}) 8. c4 Qd6 9. Nc3 cxd4 10. Nxd4 Ng4 $5 {An interesting try to
simplify into an endgame.} 11. Bxg4 $6 (11. Nf3 Qxd1 12. Rxd1 Nc6 13. h3 Nf6
14. Be3 {gives white an advantage.}) 11... Qxd4 12. Qxd4 Bxd4 13. Bxc8 Rxc8 {
Black now has a strong wooden shield in the center, and now needs to develop
the rest of his pieces.} 14. Nd5 Nc6 15. Rb1 e6 16. Ne3 (16. Nf4 Rd8 17. Ne2
Bf6 18. Be3 Nb4 19. a3 Nc2 20. Bf4 Rac8 {is good for black.}) 16... Bxe3 {
Inaccurate.} (16... Rd8 {followed by more natural moves maintains black's
advantage.}) 17. Bxe3 Nb4 18. a3 Nc2 19. b3 $6 b5 $1 20. cxb5 {White cannot
save the pawn, for example} (20. Rfc1 Nxa3 21. Ra1 b4 {followed by a5 and a4})
20... Nxa3 21. Ra1 Nxb5 22. Ra5 a6 23. Rfa1 Nc7 ({Not} 23... Rc3 $4 24. Rxb5 $1
) 24. h4 Nd5 25. Rxa6 Rxa6 26. Rxa6 Nxe3 27. fxe3 Rc3 {White gets to pick his
suffering for the rest of the game.} 28. b4 Rxe3 29. b5 Rb3 30. Ra8+ Kg7 31.
Rb8 e5 32. b6 Kf6 33. b7 h5 {The following king invasion will prove to be
decisive} 34. Kf2 Kf5 35. g3 Kg4 36. Re8 Rxb7 37. Rxe5 Rb2+ 38. Kf1 Kxg3 39.
Re7 Rf2+ 40. Kg1 Rf4 41. Ra7 Kxh4 42. Kg2 g5 43. Ra3 g4 ({Hoping for} 43... f5
$4 44. Rh3+ Kg4 45. Rg3+ Kh4 46. Rh3+ Kg4 47. Rg3+ Kh4 48. Rh3+ {, a
picturesque disaster.}) 44. Ra5 g3 45. Ra3 Rf2+ 46. Kg1 Kh3 47. Ra4 f5 48. Ra5
h4 49. Ra4 f4 50. Ra3 f3 51. Rb3 Re2 52. Rxf3 Re1+ 0-1

[Event "WA Class Championship (Class D)"]
[Site "Redmond, WA"]
[Date "2022.11.26"]
[Round "1"]
[White "Paul Buchignani"]
[Black "Aneesh Vashisht"]
[Result "0-1"]
[WhiteElo "1382"]
[BlackElo "1321"]
[Annotator "Paul Buchignani"]
[PlyCount "120"]
[EventDate "2022.11.26"]
[EventType "swiss"]
[EventRounds "6"]
[EventCountry "USA"]

{Scotch Opening. The game appeared to be basically even until move 20 when a
miscalculation by White lost the exchange and ultimately sealed his fate.
Instead of 20. exf6, the simple Qxd6 would have won a pawn and very possibly
the game} 1. e4 e5 2. Nf3 Nc6 3. d4 {White gambits a pawn - at least
temporarily for development} exd4 4. Bc4 d6 5. Nxd4 Nxd4 6. Qxd4 {Material is
even again} Nf6 7. Nc3 Be7 8. O-O O-O 9. Bf4 Be6 10. h3 h6 11. Rad1 Nd7 12.
Rfe1 {Better was Bxe6} Re8 {I expected 12...Bf6 to harass my queen but it
would have lead to worse than that for White as follows: 13.Qd3 Nc5 14.Qe2
Bxc3 15.bxc3 Qf6 16.Bh2 Qxc3 17.Bd5 Bxd5 18.exg5 which wins a pawn for Black}
13. a3 {Better was Bxe6} Bxc4 {Still better was Bf6 - leading to the same
result as in the 12th move.} 14. Qxc4 Bf6 15. Bg3 Nb6 16. Qd3 Qe7 17. f4 Nd7 {
Probably better was Rad8} 18. e5 Nc5 {Nxe5 maybe better but doesn't seem
intuitive at first glance and still loses a point for Black anyway} 19. Qd5 c6
20. exf6 {?? Big mistake. Black wins the exchange, obtains a superior position
and ultimately wins. Qxd6 was reguired} Qxe1+ {! Naturally!} 21. Rxe1 Rxe1+ 22.
Bxe1 cxd5 23. Nxd5 gxf6 {Possibly better was g6.} 24. Nxf6+ Kg7 {After the
dust settled Black was ahead 2 points.} 25. Nd5 {Slightly better was Bc3.} Re8
26. Bc3+ Kg6 27. Kf1 Ne4 28. Bb4 Kg7 29. g4 Rc8 30. c3 b6 31. a4 Nd2+ 32. Kf2 {
Better was Ke2.} Nc4 33. Ne7 Rc7 34. Nf5+ Kh7 35. b3 Nb2 36. Ba3 {Another
mistake. I was worried about 36...a5. White's position continues to
deteriorate.} Rxc3 {Attacks White's pawns at b3 and h3 and creates a passed
pawn on the d-file.} 37. Bxd6 Rxh3 {Black picks up another point.} 38. Ng3 Rh2+
39. Kf3 {Ke3 was best.} Rd2 40. Bb8 Rd3+ 41. Kg2 Rxb3 42. Bxa7 Nxa4 {Black
wins another point.} 43. Ne4 b5 {As they say: "The passed pawn must be pushed."
} 44. f5 {Better was Bd4.} b4 45. Bd4 {Nf6+ was probably better..} Rb1 46. Nf6+
Kg7 47. Nd7+ Kg8 48. Nf6+ Kf8 49. Nd7+ Ke7 50. Ne5 b3 51. Nc6+ Kd6 52. Nb4 b2 {
White should resign here but I played on, hoping against hope.} 53. Nd3 Rg1+ {
See notes from last move.} 54. Bxg1 b1=Q {Black gets a fresh queen yet White
keeps playing...Hel-lo.} 55. Bh2+ Ke7 56. Nf4 Qc2+ 57. Kh3 Qc3+ 58. Bg3 {
For a few seconds the desperate White knight eyes d5 and licks his chops...in
futility of course.} Qd4 {And Black says "noithing doing."} 59. Kh4 Qd1 60. Ng2
{?? This blunder leads to a mate-in-two but i'll just blame it on on having 6
seconds left on my clock.} Qh1+ {White resigns. 0-1. The roots of this sorry
ending for White can be traced back to Move #20.} 0-1